Studies on the effect of nitrogen fixing bacteria on the growth of Pueraria phaseoloides (Record no. 74471)

MARC details
000 -LEADER
fixed length control field 00447nam a2200133Ia 4500
100 ## - MAIN ENTRY--AUTHOR NAME
Personal name Bliss Babu
245 #0 - TITLE STATEMENT
Title Studies on the effect of nitrogen fixing bacteria on the growth of Pueraria phaseoloides
260 ## - PUBLICATION, DISTRIBUTION, ETC. (IMPRINT)
Name of publisher Bharathiar University
Place of publication Coimbatore
Year of publication 2002
500 ## - GENERAL NOTE
General note Available in Pathology
500 ## - GENERAL NOTE
General note Course: M.Sc.
700 ## - ADDED ENTRY--PERSONAL NAME
Personal name Dr Jacob Mathew and Dr Kochuthresiamma Joseph
942 ## - ADDED ENTRY ELEMENTS (KOHA)
Koha item type Theses
Holdings
Withdrawn status Lost status Damaged status Not for loan Collection code Home library Current library Shelving location Date acquired Koha item type
      Theses Dissertation RRII Library RRII Library Crop protection 31/12/2021 Theses